Prácticas de óptica geométrica

Saved in:
Bibliographic Details
Main Authors: Escofet Soteras, Jaume (Author), Millán García-Varela, María Sagrario (Author), Vila Vidal, Núria (Author)
Format: Book
Language:Spanish
Published: Barcelona UPC 1995
Subjects:
Tags: Add Tag
No Tags, Be the first to tag this record!

MARC

LEADER 00000nam a2200000 a 4500
001 UCR5474
003 CL-VaPUC
008 980327e19950000sp |||||||||||||||||spa|d
082 0 4 |a 535.32  |b ESC  |2 21 
100 0 |a Escofet Soteras, Jaume  |e author  |9 406430 
700 0 |a Millán García-Varela, María Sagrario  |e author  |9 406431 
700 0 |a Vila Vidal, Núria  |e author  |9 406432 
245 1 0 |a Prácticas de óptica geométrica 
300 |a 117 p 
942 |c BK 
945 |d 19980327 00:00:00  |a rleighto 
260 |a Barcelona  |b UPC  |c 1995 
650 0 |a Optica geométrica  |9 355299 
650 7 |a REFLEXION  |2 CL-VaPUC  |9 369835 
650 7 |a REFRACCION  |2 CL-VaPUC  |9 406433 
650 7 |a RAYOS  |2 CL-VaPUC  |9 379913 
650 7 |a PRISMA  |2 CL-VaPUC  |9 406434 
583 |a last modification  |c 20171221 11:11:36  |k Rodrigo Vera 
999 |c 268068  |d 268066 
952 |0 0  |1 0  |4 0  |6 535_320000000000000_ESC_1995  |7 0  |8 A  |9 300958  |a BIBCUR  |b BIBCUR  |d 2019-11-20  |i 341017K  |o 535.32 ESC 1995  |p 341017K  |r 2025-04-22  |w 2019-11-20  |y BK  |k FIS 
952 |0 0  |1 0  |4 0  |6 535_320000000000000_ESC_1995  |7 0  |8 A  |9 300959  |a BIBCUR  |b BIBCUR  |d 2019-11-20  |i 3410188  |o 535.32 ESC 1995  |p 3410188  |r 2025-04-22  |w 2019-11-20  |y BK  |k FIS 
952 |0 0  |1 0  |4 0  |6 535_320000000000000_ESC_1995  |7 0  |8 A  |9 300960  |a BIBCUR  |b BIBCUR  |d 2019-11-20  |i 3410196  |o 535.32 ESC 1995  |p 3410196  |r 2025-04-22  |w 2019-11-20  |y BK  |k FIS 
952 |0 0  |1 0  |4 0  |6 535_320000000000000_ESC_1995  |7 0  |8 A  |9 300961  |a BIBCUR  |b BIBCUR  |d 2019-11-20  |i 341020K  |o 535.32 ESC 1995  |p 341020K  |r 2025-04-22  |w 2019-11-20  |y BK  |k FIS 
952 |0 0  |1 0  |4 0  |6 535_320000000000000_ESC_1995  |7 0  |8 A  |9 300962  |a BIBCUR  |b BIBCUR  |d 2019-11-20  |i 3410218  |o 535.32 ESC 1995  |p 3410218  |r 2025-04-22  |w 2019-11-20  |y BK  |k FIS 
952 |0 0  |1 0  |4 0  |6 535_320000000000000_ESC_1995  |7 0  |8 A  |9 300963  |a BIBCUR  |b BIBCUR  |d 2019-11-20  |i 3410226  |o 535.32 ESC 1995  |p 3410226  |r 2025-04-22  |w 2019-11-20  |y BK  |k FIS 
952 |0 0  |1 0  |4 0  |6 535_320000000000000_ESC_1995  |7 0  |8 A  |9 300964  |a BIBCUR  |b BIBCUR  |d 2019-11-20  |i 3410234  |o 535.32 ESC 1995  |p 3410234  |r 2025-04-22  |w 2019-11-20  |y BK  |k FIS 
952 |0 0  |1 0  |4 0  |6 535_320000000000000_ESC_1995  |7 0  |8 A  |9 300965  |a BIBCUR  |b BIBCUR  |d 2019-11-20  |i 3410242  |o 535.32 ESC 1995  |p 3410242  |r 2025-04-22  |w 2019-11-20  |y BK  |k FIS 
952 |0 0  |1 0  |4 0  |6 535_320000000000000_ESC_1995  |7 0  |8 A  |9 300966  |a BIBCUR  |b BIBCUR  |d 2019-11-20  |i 3410250  |o 535.32 ESC 1995  |p 3410250  |r 2025-04-22  |w 2019-11-20  |y BK  |k FIS 
952 |0 0  |1 0  |4 0  |6 535_320000000000000_ESC_1995  |7 0  |8 A  |9 300967  |a BIBCUR  |b BIBCUR  |d 2019-11-20  |i 3410269  |o 535.32 ESC 1995  |p 3410269  |r 2025-04-22  |w 2019-11-20  |y BK  |k FIS